000 01179nam a22003857a 4500
001 BR0808998
003 BR-BrBNA
005 20230928102818.0
007 ta
008 230509b bl.||||| |||| 00| 0 por d
040 _aBR-BrBNA
_bpor
_cBiblioteca Nacional de Agricultura
041 _a(Por)
072 _aS30; L02
090 _ S30 BR0808998
100 1 _aBelluco, A.E. de S.
110 1 _aCentro de Energia Nuclear na Agricultura, Piracicaba, SP (Brasil)
_0Tese (Doutor em Ciências)
245 1 _aObtenção de leveduras vivas enriquecidas para suplementação nutricional e probiótico
260 3 _aPiracicaba, SP (Brasil):
_c2008.
300 _a94 p.
500 _aSummaries (Eng, Por); Bibliography p. 83-89; 13 illus.; 25 tables
650 _aFERMENTO
650 _aCANA DE AÇÚCAR
650 _aÁLCOOL
650 _aSUPLEMENTO ALIMENTAR
650 _aFERRO
650 _aZINCO
650 _aNUTRIÇÃO HUMANA
650 _aNUTRIÇÃO ANIMAL
650 _aCRESCIMENTO
650 _aVALOR NUTRITIVO
650 _aTECNOLOGIA DE ALIMENTO
650 _aPROPRIEDADE FÍSICO-QUÍMICA
909 _a202309
_bLucia
_c55
_dLucia Elande
942 _cBK
999 _c72545
_d72545